[Event "EU-Cup 27th"]
[Site "Rogaska Slatina"]
[Date "2011.09.25"]
[Round "1"]
[White "Braun, Christian1111"]
[Black "Vasiliadis, Grigorios"]
[Result "1-0"]
[WhiteElo "2392"]
[BlackElo "2004"]
[PlyCount "65"]
[EventDate "2011.09.25"]
[EventType "team-swiss"]
[EventRounds "7"]
[EventCountry "SLO"]
[SourceTitle "CBM 145"]
[Source "ChessBase"]
[SourceDate "2011.11.11"]
[SourceVersion "1"]
[SourceVersionDate "2011.11.11"]
[SourceQuality "1"]
[WhiteTeam "Eynatten"]
[BlackTeam "Ostrava Poruba"]
[WhiteTeamCountry "BEL"]
[BlackTeamCountry "CZE"]

1. e4 e5 2. Nf3 Nc6 3. Bc4 Bc5 4. c3 Nf6 5. d4 exd4 6. cxd4 Bb4+ 7. Nc3 Nxe4 8. 0-0 Bxc3 9. d5 Bf6 10. Re1 Ne7 11. Rxe4 d6 12. g4 0-0 13. g5 Be5 14. Nxe5 dxe5 15. Rxe5 Ng6 16. Re1 Qd6 17. Qd4 Bd7 18. Bd2 c5 19. Qe3 Rae8 20. Qg3 Qxg3+ 21. hxg3 Bg4 22. f4 Re7 23. a4 Rfe8 24. a5 Rxe1+ 25. Bxe1 Kf8 26. Bf2 Rc8 27. Re1 Bd7 28. Re3 b5 29. axb6 axb6 30. Rb3 b5 31. Bxb5 Rb8 32. Bxc5+ Kg8 33. Ba4 1-0

[Event "CZE-chT1E 1011"]
[Site "Czech Republic"]
[Date "2011.01.16"]
[Round "6.7"]
[White "Mareckova, Martina"]
[Black "Vasiliadis, Grigorios"]
[Result "1-0"]
[WhiteElo "2056"]
[BlackElo "2015"]
[PlyCount "87"]
[EventDate "2010.10.10"]
[EventType "team-tourn"]
[EventRounds "11"]
[EventCountry "CZE"]
[SourceTitle "EXT 2012"]
[Source "ChessBase"]
[SourceDate "2011.11.24"]
[SourceVersion "1"]
[SourceVersionDate "2011.11.24"]
[SourceQuality "1"]
[WhiteTeam "Rychnov nad Kneznou"]
[BlackTeam "Poruba Slavoj"]
[WhiteTeamCountry "CZE"]
[BlackTeamCountry "CZE"]

1. e4 e5 2. Nf3 Nc6 3. Bc4 Bc5 4. c3 Nf6 5. d3 a6 6. Nbd2 d6 7. Bb3 0-0 8. h3 h6 9. g4 d5 10. Qe2 dxe4 11. dxe4 Nh7 12. Nf1 Be6 13. Bd2 Qe7 14. Ng3 Bxb3 15. axb3 Qe6 16. b4 Bb6 17. Nf5 Ne7 18. Nxe7+ Qxe7 19. h4 f6 20. Qc4+ Qf7 21. Qxf7+ Rxf7 22. Ke2 Rd8 23. Rad1 Rfd7 24. h5 Kf7 25. Rhf1 Nf8 26. Nh4 Ne6 27. f3 c6 28. Bc1 Nf4+ 29. Bxf4 exf4 30. Rxd7+ Rxd7 31. Rd1 Rxd1 32. Kxd1 Bc7 33. Ke2 Be5 34. Kd3 b5 35. Nf5 Kf8 36. b3 Kf7 37. Nd4 Bxd4 38. Kxd4 Ke6 39. Kc5 Kd7 40. Kb6 Kd6 41. Kxa6 Ke6 42. Kb6 Kd6 43. c4 Ke5 44. Kc5 1-0

[Event "Moravia-Silesia Region-chT 0708"]
[Site "Czech Republic"]
[Date "2008.04.13"]
[Round "11.5"]
[White "Vasiliadis, Grigorios"]
[Black "Melecky, Jaroslav"]
[Result "1/2-1/2"]
[WhiteElo "1956"]
[BlackElo "2059"]
[PlyCount "21"]
[EventDate "2007.10.28"]
[EventType "team-tourn"]
[EventRounds "11"]
[EventCountry "CZE"]
[SourceTitle "EXT 2024"]
[Source "ChessBase"]
[SourceDate "2023.10.10"]
[SourceVersion "1"]
[SourceVersionDate "2023.10.10"]
[SourceQuality "1"]

1. e4 d5 2. exd5 Nf6 3. Nc3 Nxd5 4. d4 g6 5. Bc4 c6 6. Nge2 Bg7 7. 0-0 0-0 8. Bxd5 cxd5 9. Nf4 e6 10. Re1 Nc6 11. Be3 1/2-1/2

[Event "Ostrava op-A"]
[Site "Ostrava"]
[Date "2003.05.07"]
[Round "6"]
[White "Vasiliadis, Grigorios"]
[Black "Folta, Jaroslav"]
[Result "1/2-1/2"]
[WhiteElo "1740"]
[BlackElo "1963"]
[PlyCount "47"]
[EventDate "2003.05.03"]
[EventType "swiss"]
[EventRounds "10"]
[EventCountry "CZE"]
[SourceTitle "EXT 2006"]
[Source "ChessBase"]
[SourceDate "2005.11.24"]
[SourceVersion "1"]
[SourceVersionDate "2005.11.24"]
[SourceQuality "1"]

1. e4 c6 2. Nc3 d5 3. d3 g6 4. Nf3 Bg7 5. d4 dxe4 6. Nxe4 Bg4 7. Be3 e6 8. c3 Ne7 9. h3 Bxf3 10. Qxf3 Nf5 11. Bf4 0-0 12. 0-0-0 Nd7 13. g4 Ne7 14. h4 f5 15. Ng5 Qa5 16. Bc4 Nd5 17. Nxe6 fxg4 18. Qxg4 N7f6 19. Qg2 Rf7 20. Bd2 Re8 21. Nxg7 Rxg7 22. Rde1 Rxe1+ 23. Rxe1 Rf7 24. Bb3 1/2-1/2

[Event "Ostrava op-A"]
[Site "Ostrava"]
[Date "2003.05.06"]
[Round "3"]
[White "Snopek, Jiri"]
[Black "Vasiliadis, Grigorios"]
[Result "1/2-1/2"]
[WhiteElo "2022"]
[BlackElo "1740"]
[PlyCount "32"]
[EventDate "2003.05.03"]
[EventType "swiss"]
[EventRounds "10"]
[EventCountry "CZE"]
[SourceTitle "EXT 2006"]
[Source "ChessBase"]
[SourceDate "2005.11.24"]
[SourceVersion "1"]
[SourceVersionDate "2005.11.24"]
[SourceQuality "1"]

1. Nf3 Nf6 2. c4 e6 3. g3 b6 4. Bg2 Bb7 5. 0-0 Be7 6. Nc3 0-0 7. b3 c5 8. Bb2 d5 9. cxd5 Nxd5 10. Nxd5 Bxd5 11. Qc2 Bf6 12. Bxf6 Qxf6 13. e4 Bb7 14. Rfe1 Nc6 15. e5 Qe7 16. h4 h6 1/2-1/2

[Event "Ostrava op-A"]
[Site "Ostrava"]
[Date "2003.05.05"]
[Round "4"]
[White "Vasiliadis, Grigorios"]
[Black "Ockay, Tomas"]
[Result "0-1"]
[WhiteElo "1740"]
[BlackElo "1984"]
[PlyCount "58"]
[EventDate "2003.05.03"]
[EventType "swiss"]
[EventRounds "10"]
[EventCountry "CZE"]
[SourceTitle "EXT 2006"]
[Source "ChessBase"]
[SourceDate "2005.11.24"]
[SourceVersion "1"]
[SourceVersionDate "2005.11.24"]
[SourceQuality "1"]

1. e4 c6 2. Nc3 d5 3. d3 e6 4. Nf3 Nd7 5. g3 Bb4 6. Bd2 Ne7 7. Bg2 0-0 8. 0-0 dxe4 9. Nxe4 Bxd2 10. Qxd2 Nd5 11. d4 N7f6 12. Rfe1 Qc7 13. c3 b6 14. Qc2 Bb7 15. Ne5 h6 16. c4 Nxe4 17. cxd5 exd5 18. Bxe4 dxe4 19. Qxe4 c5 20. Qc2 Rac8 21. dxc5 Rfe8 22. Qf5 Re6 23. Rad1 Rce8 24. f4 Qxc5+ 25. Kf1 f6 26. Rd7 Qb5+ 27. Re2 R6e7 28. Rxe7 Rxe7 29. Ng6 Qxe2+ 0-1

[Event "Ostrava op-A"]
[Site "Ostrava"]
[Date "2003.05.04"]
[Round "2"]
[White "Vasiliadis, Grigorios"]
[Black "Neuman, Petr"]
[Result "0-1"]
[WhiteElo "1740"]
[BlackElo "2445"]
[PlyCount "86"]
[EventDate "2003.05.03"]
[EventType "swiss"]
[EventRounds "10"]
[EventCountry "CZE"]
[SourceTitle "EXT 2006"]
[Source "ChessBase"]
[SourceDate "2005.11.24"]
[SourceVersion "1"]
[SourceVersionDate "2005.11.24"]
[SourceQuality "1"]

1. e4 c5 2. Nf3 d6 3. Bb5+ Bd7 4. Bxd7+ Qxd7 5. c4 Nc6 6. d4 cxd4 7. Nxd4 Nf6 8. Nc3 Qg4 9. Qxg4 Nxg4 10. Nxc6 bxc6 11. Bf4 g6 12. f3 Nf6 13. Ke2 Bg7 14. Rac1 0-0 15. Rhd1 Nd7 16. Na4 Nb6 17. Nc3 Nxc4 18. Na4 Nxb2 19. Nxb2 Bxb2 20. Rxc6 Rfc8 21. Ra6 Rc2+ 22. Rd2 Rxd2+ 23. Bxd2 Bd4 24. Be3 Bxe3 25. Kxe3 Kf8 26. Kd4 Ke8 27. g3 Kd7 28. h4 Kc7 29. g4 Kb7 30. Ra3 Rc8 31. Rb3+ Ka8 32. f4 Rc2 33. h5 Rd2+ 34. Kc4 Rxa2 35. hxg6 hxg6 36. e5 Ra4+ 37. Kd5 Rxf4 38. exd6 exd6 39. Kxd6 Rxg4 40. Kc7 Rc4+ 41. Kd6 a5 42. Kd5 Rb4 43. Ra3 a4 0-1